Production/operations management / (Record no. 1239)

MARC details
000 -LEADER
fixed length control field 01150cam a2200193 a 4500
020 ## - INTERNATIONAL STANDARD BOOK NUMBER
ISBN 0256139008
020 ## - INTERNATIONAL STANDARD BOOK NUMBER
ISBN 0256197237 (Instructor's ed.)
050 00 - CALL NUMBER
Classification number TS155
Item number .S7824 1996
100 1# - AUTHOR
Personal name Stevenson, William J.
245 10 - TITLE
Title Production/operations management /
Statement of responsibility, etc William J. Stevenson.
250 ## - EDITION
Edition statement 5th ed.
260 ## - PUBLICATION INFORMATION
Place of publication Chicago, IL ;
-- Toronto :
Name of publisher Irwin,
Year of publication c1996.
300 ## - DESCRIPTION
Number of Pages xii, 897 p. :
Other physical details ill. ;
Dimensions 26 cm.
440 #0 - SERIES
SERIES Irwin series in production operations management.
500 ## - NOTES
General note Includes tables.
505 0# - FORMATTED CONTENTS NOTE
Table of Content Pt. I. Introduction. 1. Production and Operations Management. 2. Productivity, Competitiveness and Strategy. 3. Quality Management -- Pt. II. Design of Production Systems. 4. Product and Service Design. 5. Process Selection and Capacity Planning. 6. Facilities Layout. 7. Design of Work Systems. 8. Location Planning -- Pt. III. Operating and Controlling the System. 9. Quality Assurance. 10. Forecasting. 11. Inventory Management. 12. Aggregate Planning. 13. Material Requirements Planning. 14. Just-In-Time Systems. 15. Scheduling. 16. Project Management. 17. Waiting Lines.
650 #0 - SUBJECTS
Topical Term Production management.
942 ## - ADDED ENTRY ELEMENTS (KOHA)
Koha item type Books
Holdings
Withdrawn status Lost status Collection code Home library Current library Shelving location Date acquired Full call number Accession Number Koha item type
    Non-fiction Methodist University Library Main Methodist University Library Main General Stacks 27/11/2017 TS155 .S7824 1996 10754 Books
    Non-fiction Methodist University Library Main Methodist University Library Main General Stacks 27/11/2017 TS155 .S7824 1996 10762 Books
    Non-fiction Methodist University Library Main Methodist University Library Main General Stacks 27/11/2017 TS155 .S7824 1996 10752 Books
    Non-fiction Methodist University Library Main Methodist University Library Main General Stacks 27/11/2017 TS155 .S7824 1996 10758 Books
    Non-fiction Methodist University Library Main Methodist University Library Main General Stacks 27/11/2017 TS155 .S7824 1996 10759 Books
Copyright © 2026  MUG Library